Normal view
MARC view
Entry Topical Term
001 - CONTROL NUMBER
- control field: 13265
003 - CONTROL NUMBER IDENTIFIER
- control field: PK-LaUMT
005 - DATE AND TIME OF LATEST TRANSACTION
- control field: 20260630124012.0
008 - FIXED-LENGTH DATA ELEMENTS
- fixed length control field: 260630|| aca||aabn | a|a d
040 ## - CATALOGING SOURCE
- Original cataloging agency: PK-LaUMT
- Transcribing agency: PK-LaUMT
150 ## - HEADING--TOPICAL TERM
- Topical term or geographic name as entry element: Ghalib-poetry
670 ## - SOURCE DATA FOUND
- Source citation: Work cat.: (PK-LaUMT)41908: Ghalib, Mirza Asadullah Khan 13264, Ghalib ki faarsi ghazlon say intikhaab (Urdu, Perisan, English), 1997
